| 000 | 00000nas 2200000za 4500 |
| 001 | 9.822956 |
| 003 | CaOODSP |
| 005 | 20221107143806 |
| 007 | cr ||||||||||| |
| 008 | 160819d19441948oncar p oss f0###a0eng|d |
| 040 | |aCaOODSP|beng |
| 043 | |an-cn--- |
| 086 | 1 |aCS26-207E-PDF |
| 245 | 00|aContract drilling in the Canadian mining industry in ... |h[electronic resource]. |
| 260 | |aOttawa : |bDept. of Trade and Commerce, Bominion Bureau of Statistics, Census of Industry, Mining, Metallurgical & Chemical Branch, |c[1945-1949] |
| 310 | |aAnnual |
| 362 | 0 |a1944-1948. |
| 500 | |aDigitized edition from print [produced by Statistics Canada]. |
| 550 | |aIssued 1946 by Mining, Metallurgical & Chemical Statistics; 1947-1948 by Mining, Metallurgical & Chemical Section, |
| 580 | |aContinues: Contract diamond drilling industry. |
| 692 | 07|2gccst|aMining industry |
| 692 | 07|2gccst|aDrilling |
| 710 | 1 |aCanada. |bDominion Bureau of Statistics. |bMining, Metallurgical and Chemical Branch. |
| 710 | 1 |aCanada.|bCensus of Industry.|bMining, Metallurgical and Chemical Statistics. |
| 710 | 1 |aCanada. |bDominion Bureau of Statistics. |bMining, Metallurgical and Chemical Section. |
| 780 | 00|tContract diamond drilling industry |w(CaOODSP)9.858952 |
| 785 | 00|tContract drilling in the mining industry |w(CaOODSP)9.822957 |